• 首页
  • 本馆介绍
  • 公告通知
  • 最新文献
  • 馆藏检索
  • 电子资源
  • 读者导购
  • 参考咨询
  • 我的图书馆
  • 登录
  • 详细信息显示
  • 放入我的书架
  • 预约/预借图书
  • 作者相关作品
  • 分类相关作品
  • 丛书相关作品
  • 出版社相关作品

书目信息

  • 表格格式
  • 工作单格式
  • 卡片格式
题名:
体育职业心理学
    
 
作者: 朱学雷 , 肖旻婵 主编
分册:  
出版信息: 上海   上海科学技术文献出版社  2010
页数: 171页
开本: 23cm
丛书名:
单 册:
中图分类: G804.8
科图分类:
主题词: 体育心理学--高等学校--教材 , 体育心理学
电子资源:
ISBN: 978-7-5439-4092-5
000 00967nam0 2200265 45
001 1130206500
005 20110309091805.39
010    @a978-7-5439-4092-5@dCNY20.00
100    @a20110123d2010 em y0chiy50 ea
101 0  @achi
102    @aCN@b310000
105    @aa z 000yy
106    @ar
200 1  @a体育职业心理学@ATi Yu Zhi Ye Xin Li Xue@f朱学雷,肖旻婵主编@FZhu Xue Lei, Xiao Min Chan Zhu Bian
210    @a上海@c上海科学技术文献出版社@d2010
215    @a171页@c图@d23cm
300    @a体育职业学院·体育职业技术学院·体育运动技术学院系列教材
330    @a本书重点阐述了体育活动的生理效益、心理效益个社会效益,并围绕体育职业的心理学特点、人际交往和心理咨询等问题作了较详尽的论述。
606 0  @a体育心理学@x高等学校@j教材
606 0  @a体育心理学
690    @aG804.8@v4
701  0 @a朱学雷@AZhu Xue Lei@c(运动心理学)@4主编
701  0 @a肖旻婵@AXiao Min Chan@c(体育)@4主编
801  0 @aCN@bTANGWEI@c20110309
905    @b0530481-84@dG804.8@e393@f4
    
    体育职业心理学/朱学雷,肖旻婵主编.-上海:上海科学技术文献出版社,2010
    171页:图;23cm
    体育职业学院·体育职业技术学院·体育运动技术学院系列教材
    
    ISBN 978-7-5439-4092-5:CNY20.00
    本书重点阐述了体育活动的生理效益、心理效益个社会效益,并围绕体育职业的心理学特点、人际交往和心理咨询等问题作了较详尽的论述。
●
相关链接 在E读中查询图书 在五车中查询图书 在当当中查询图书 在豆瓣中查询图书


正题名:体育职业心理学     索取号:G804.8/393         预约/预借

序号 登录号 条形码 馆藏地/架位号 状态 备注
1 0530481   205304810   第一样本阅览室/ [索取号:G804.8/393] 在馆    
2 0530482   205304829   第四借阅区/ [索取号:G804.8/393] 在馆    
3 0530483   205304838   第四借阅区/ [索取号:G804.8/393] 在馆    
4 0530484   205304847   体育系资料室/ [索取号:G804.8/393] 在馆    
唐山师范学院图书馆 欢迎您!
大连网信软件有限公司© 版权所有